Target (Record no. 106563)

MARC details
000 -LEADER
fixed length control field 01125cam a2200241 4500
001 - CONTROL NUMBER
control field L136964
008 - FIXED-LENGTH DATA ELEMENTS--GENERAL INFORMATION
fixed length control field 070307s2005 xxk f 000 0 eng d
020 ## - INTERNATIONAL STANDARD BOOK NUMBER
International Standard Book Number 1843182777
022 1# - INTERNATIONAL STANDARD SERIAL NUMBER
International Standard Serial Number 1477-1144
035 ## - SYSTEM CONTROL NUMBER
System control number (Sirsi) u136964
041 0# - LANGUAGE CODE
Language code of text/sound track or separate title eng
050 04 - LIBRARY OF CONGRESS CALL NUMBER
Classification number 650.14 $2 18
245 00 - TITLE STATEMENT
Title Target
Remainder of title quantity surveying and commercial management 2006
250 ## - EDITION STATEMENT
Edition statement 18th ed.
260 ## - PUBLICATION, DISTRIBUTION, ETC.
Place of publication, distribution, etc. Wallingford
Name of publisher, distributor, etc. GTI Specialist Publishers
Date of publication, distribution, etc. 2005
300 ## - PHYSICAL DESCRIPTION
Extent 78p.
Other physical details ill.
Dimensions 27cm.
520 ## - SUMMARY, ETC.
Summary, etc. Provides advice for graduates seeking jobs in quantity surveying and building surveying. Includes information on different sectors of the industry, as well as guidance on career development and a job hunting guide. Also sets out profiles of employers and course providers. Further information and a searchable database of employers can be found at www.targetcareers.co.uk/surveying.
651 #4 - SUBJECT ADDED ENTRY--GEOGRAPHIC NAME
Geographic name United Kingdom
Chronological subdivision
690 ## - LOCAL SUBJECT ADDED ENTRY--TOPICAL TERM (OCLC, RLIN)
Topical term or geographic name as entry element CAREERS, EDUCATION AND TRAINING-CAREERS IN SURVEYING
700 1# - ADDED ENTRY--PERSONAL NAME
Personal name Barratt, Katie
Relator term Editor
856 48 - ELECTRONIC LOCATION AND ACCESS
Uniform Resource Identifier <a href="https://www.targetcareers.co.uk/surveying">https://www.targetcareers.co.uk/surveying</a>
Public note View the targetcareers.co.uk surveying website...
942 ## - ADDED ENTRY ELEMENTS (KOHA)
Suppress in OPAC 0
Holdings
Withdrawn status Lost status Source of classification or shelving scheme Damaged status Not for loan Home library Current library Shelving location Date acquired Total Checkouts Full call number Barcode Date last seen Copy number Price effective from Koha item type
    Dewey Decimal Classification     London London Basement 07/03/2007   BASEMENT 30070120 06/08/2019 1 06/08/2019 Book